Vesmír : Obrazová část obsahuje 216 kreseb, 208 dobových materiálů, 125 fotografií
Saved in:
| Main Authors: | , , |
|---|---|
| Format: | Book |
| Language: | Czech |
| Published: |
Praha :
Mladá fronta,
1979
|
| Tags: |
No Tags, Be the first to tag this record!
|
MARC
| LEADER | 00000nam a22000003a 4500 | ||
|---|---|---|---|
| 001 | stu188985 | ||
| 005 | 20150617225606.5 | ||
| 008 | 090826s1983------------------------cze-d | ||
| 040 | |a STU |b slo | ||
| 041 | 0 | |a cze | |
| 080 | |a 523/524 | ||
| 100 | 1 | |a Grygar, Jiří |4 aut | |
| 245 | 1 | |a Vesmír : |b Obrazová část obsahuje 216 kreseb, 208 dobových materiálů, 125 fotografií | |
| 260 | |a Praha : |b Mladá fronta, |c 1979 | ||
| 300 | |a 462 s | ||
| 700 | 1 | |a Horský, Zd. |4 aut | |
| 700 | 1 | |a Mayer, Pavel |4 aut | |
| 996 | |b E44665 |c E*44665 |l EE10 |s P |a 0 |w stu188985_0001 | ||